=LDR 00000nam 2200000 4500 =001 INLIS000000000058280 =005 20210910073754 =035 ##$$a 0010-0921000084 =007 ta =008 210910###########################0###### =020 ##$$a 979-3464-00-3 =082 ##$$a 305.4 =084 ##$$a 305.4 Ami u =245 ##$$a Untuk ibumu tercinta /$c Drs.Amir Achsin Dipl =250 ##$$a Cet.1 =300 ##$$a xix, 280 halaman : $b Ilustrasi ; $c 21 cm =600 #4$$a wanita-keadilan sosial =264 ##$$a bogor :$b prenada media,$c 2003 =336 ##$$a teks$2 rdacontent =337 ##$$a lain-lain$2 rdamedia =338 ##$$a laia-lain$2 rdacarrier =990 ##$$a 3202100883 =990 ##$$a 08840884